Entrepreneurial finance : strategy, valuation, and deal structure (Record no. 30905)

000 -LEADER
fixed length control field 00745nam a22001817a 4500
008 - FIXED-LENGTH DATA ELEMENTS--GENERAL INFORMATION
fixed length control field 210127b ||||| |||| 00| 0 eng d
020 ## - INTERNATIONAL STANDARD BOOK NUMBER
International Standard Book Number 9780804770910
050 ## - LIBRARY OF CONGRESS CALL NUMBER
Classification number HG 4751.
Item number .S594 2011
100 ## - MAIN ENTRY--PERSONAL NAME
Personal name Janet Kiholm Smith
245 ## - TITLE STATEMENT
Title Entrepreneurial finance : strategy, valuation, and deal structure
Remainder of title strategy, valuation, and deal structure
Statement of responsibility, etc. Janet Kiholm Smith, Richard L. Smith, and Richard T. Bliss.
260 ## - PUBLICATION, DISTRIBUTION, ETC. (IMPRINT)
Place of publication, distribution, etc. Stanford, Calif. :
Name of publisher, distributor, etc. Stanford Economics and Finance,
Date of publication, distribution, etc. 2011.
300 ## - PHYSICAL DESCRIPTION
Extent xlii, 702 pages :
Other physical details illustrations;
Dimensions 26cm.
500 ## - GENERAL NOTE
General note includes references and index
650 ## - SUBJECT ADDED ENTRY--TOPICAL TERM
Topical term or geographic name as entry element Entrepreneurship.
700 ## - ADDED ENTRY--PERSONAL NAME
Personal name Richard L Smith;
700 ## - ADDED ENTRY--PERSONAL NAME
Personal name Richard T Bliss
942 ## - ADDED ENTRY ELEMENTS (KOHA)
Source of classification or shelving scheme
Koha item type Hard Covered Materials
Classification part HG 4751 .S594 2011
Holdings
Withdrawn status Lost status Source of classification or shelving scheme Damaged status Not for loan Home library Current library Shelving location Date acquired Source of acquisition Total Checkouts Full call number Barcode Date last seen Date last checked out Cost, replacement price Price effective from Koha item type
          MACHAKOS UNIVERSITY LIBRARY MACHAKOS UNIVERSITY LIBRARY All Collections 27/01/2021 Purchase - Njigua Books 2 HG 4751 .S594 2011 23575 25/11/2022 04/11/2022 11038.00 27/01/2021 Hard Covered Materials
© Machakos University Library, Along The Highway, Machakos Wote Rd, Machakos, Kenya P.O. Box 136 - 90100 Machakos - Kenya

Tel: ( +254 ) 723 805829 OR Fax : 044-20353 OR Email: library@mksu.ac.ke